LEADER 01527nam 2200325Ia 450 001 996387571103316 005 20200824132544.0 035 $a(CKB)4940000000086222 035 $a(EEBO)2248529817 035 $a(OCoLC)ocm45504467e 035 $a(OCoLC)45504467 035 $a(EXLCZ)994940000000086222 100 $a20001208f16891690 uy 0 101 0 $aeng 135 $aurbn||||a|bb| 200 02$aA Full and true account of the sad and dreadful storm that happened on Sunday morning, the 12th of January, 1689$b[electronic resource] $eVVith a relation how it happened, and continued, and the damage it has done by land and sea, by blowing down houses, chimneys, trees, killing and wounding divers people, carrying away hay-reeks, corn-reeks, &c. in damaging churches, casting away ships, boats, lighters, &c. with other prodigious and fearfull circumstances attending it; the like not known in any age 210 $aLondon $cPrinted for P. Brooksby, J. Deacon, J. Blare, J. Back$d[1689 or 90] 215 $a[2], 6 p 300 $aPublication date of 1690 suggested by Wing. 300 $a"Licensed according to order." 300 $aReproduction of original in: Sutro Library. 330 $aeebo-0111 606 $aStorms$zEngland$vEarly works to 1800 615 0$aStorms 801 0$bEAE 801 1$bEAE 906 $aBOOK 912 $a996387571103316 996 $aA Full and true account of the sad and dreadful storm that happened on Sunday morning, the 12th of January, 1689$92359651 997 $aUNISA